[Event "Reykjavik Blitz op"]
[Site "Reykjavik"]
[Date "2022.01.29"]
[Round "6"]
[White "Brynjarsson, Helgi"]
[Black "Johannsson, Orn Leo"]
[Result "1/2-1/2"]
[WhiteElo "2066"]
[BlackElo "2236"]
[PlyCount "126"]
[EventDate "2022.01.29"]
[EventType "swiss (blitz)"]
[EventRounds "11"]
[EventCountry "ISL"]
[SourceTitle "CBM 206 Extra"]
[Source "ChessBase"]
[SourceDate "2022.03.31"]
[SourceVersion "1"]
[SourceVersionDate "2022.03.31"]
[SourceQuality "1"]

1. e4 e6 2. Qe2 c5 3. Nc3 Nc6 4. d3 g6 5. f4 Bg7 6. Nf3 Nge7 7. Qf2 b6 8. g4 h5 9. gxh5 Rxh5 10. Ne2 d5 11. Ng3 Rh8 12. c3 Ba6 13. e5 Nf5 14. Nxf5 exf5 15. h4 Qe7 16. Bd2 0-0-0 17. 0-0-0 Rdf8 18. Be2 Nd8 19. d4 Bxe2 20. Qxe2 c4 21. Rdg1 Bh6 22. Ng5 Bxg5 23. hxg5 Ne6 24. Qg2 Qd8 25. Rxh8 Rxh8 26. Rh1 Rxh1+ 27. Qxh1 Kc7 28. Qh7 Qf8 29. Kc2 Kc6 30. b3 b5 31. b4 Nc7 32. Qh6 Ne6 33. Qxf8 Nxf8 34. a3 Ne6 35. Kb2 Ng7 36. Kc2 Nh5 37. Kd1 Ng3 38. Kc2 Kb6 39. Bc1 a5 40. Bd2 Nh5 41. Bc1 Ka6 42. Bd2 Ng7 43. Bc1 Nh5 44. Bd2 Ng3 45. Bc1 Ne4 46. Bd2 axb4 47. axb4 Kb7 48. Bc1 Kc6 49. Bd2 Kd7 50. Bc1 Ke6 51. Bd2 Nf2 52. Bc1 Ne4 53. Be3 Ng3 54. Bc1 Nh5 55. Be3 Ke7 56. Bc1 Kf8 57. Kd1 Kg7 58. Ke2 Ng3+ 59. Kd1 Kh7 60. Kc2 Nh5 61. Kd1 Ng7 62. Ke2 Ne6 63. Kf3 Nf8 1/2-1/2

[Event "Reykjavik Blitz op"]
[Site "Reykjavik"]
[Date "2022.01.29"]
[Round "10"]
[White "Brynjarsson, Helgi"]
[Black "Thorfinnsson, Bragi"]
[Result "1-0"]
[WhiteElo "2066"]
[BlackElo "2419"]
[PlyCount "121"]
[EventDate "2022.01.29"]
[EventType "swiss (blitz)"]
[EventRounds "11"]
[EventCountry "ISL"]
[SourceTitle "CBM 206 Extra"]
[Source "ChessBase"]
[SourceDate "2022.03.31"]
[SourceVersion "1"]
[SourceVersionDate "2022.03.31"]
[SourceQuality "1"]

1. e4 c5 2. Nc3 e6 3. f4 a6 4. Nf3 b5 5. d3 Bb7 6. g3 Be7 7. Bg2 h5 8. h3 d5 9. 0-0 b4 10. exd5 bxc3 11. dxe6 fxe6 12. Re1 Nf6 13. Rxe6 0-0 14. Qe2 Nc6 15. bxc3 Qd7 16. Ba3 Rae8 17. Re1 Qc7 18. Ng5 Qa5 19. Bxc6 Bxc6 20. Rxc6 Qxa3 21. Re6 Qxc3 22. Rxe7 Rxe7 23. Qxe7 Qd4+ 24. Qe3 Qd5 25. Qe6+ Qxe6 26. Rxe6 a5 27. Rc6 Re8 28. Kf2 Rb8 29. Rxc5 Kf8 30. Ne6+ Ke7 31. Nd4 a4 32. Nc6+ Kd6 33. Rc4 Rb2 34. Nd4 Rxa2 35. Nf5+ Kd5 36. Nxg7 a3 37. Nf5 Rb2 38. Ne3+ Ke6 39. Ra4 a2 40. Ke2 h4 41. g4 Nd7 42. Kd2 Nc5 43. Ra8 Nb3+ 44. Kc3 Rb1 45. Rxa2 Nc1 46. Ra6+ Kf7 47. f5 Ne2+ 48. Kd2 Nf4 49. g5 Nxh3 50. g6+ Kg7 51. Nd5 Ng5 52. Ra7+ Kh6 53. Ra8 h3 54. Rh8+ Kg7 55. Rh5 Rg1 56. Nf4 h2 57. Rxg5 Rxg5 58. Ne6+ Kf6 59. Nxg5 h1Q 60. Ne4+ Kxf5 61. Ng3+ 1-0

[Event "ISL-chT2 1819"]
[Site "Reykjavik"]
[Date "2018.11.10"]
[Round "2.1"]
[White "Siegel, Noah J"]
[Black "Brynjarsson, Helgi"]
[Result "0-1"]
[WhiteElo "2237"]
[BlackElo "2057"]
[PlyCount "108"]
[EventDate "2018.11.09"]
[EventType "team-tourn"]
[EventRounds "7"]
[EventCountry "ISL"]
[SourceTitle "CBM 187 Extra"]
[Source "ChessBase"]
[SourceDate "2018.11.04"]
[SourceVersion "1"]
[SourceVersionDate "2018.11.04"]
[SourceQuality "1"]
[WhiteTeam "Skakfelag Selfoss"]
[BlackTeam "Hrokar alls Fagnadar"]
[WhiteTeamCountry "ISL"]
[BlackTeamCountry "ISL"]

1. d4 Nf6 2. c4 e6 3. Nf3 Bb4+ 4. Nbd2 0-0 5. a3 Bxd2+ 6. Qxd2 d5 7. e3 a5 8. b3 b6 9. Be2 Nbd7 10. 0-0 Bb7 11. Bb2 h6 12. Rac1 Qe7 13. cxd5 Nxd5 14. Ne5 Nxe5 15. dxe5 Qg5 16. h4 Qxh4 17. Rc4 Qe7 18. e4 b5 19. Rd4 c5 20. Rd3 Nb6 21. Rd6 Qc7 22. Rc1 Nc8 23. Bxb5 Nxd6 24. exd6 Qb6 25. Bc4 Bxe4 26. Rc3 Kh7 27. Rg3 f6 28. Qf4 Bf5 29. Re3 Rfe8 30. g4 Bg6 31. d7 Re7 32. g5 fxg5 33. Qe5 Rxd7 34. Bxe6 Rd1+ 35. Kh2 Qb8 36. Bc4 Qxe5+ 37. Rxe5 Rd2 38. Bc3 Rxf2+ 39. Kg1 Rc2 40. Be1 a4 41. Bd5 axb3 42. Bxb3 Rc1 43. Bd5 Rxa3 44. Kf2 Rc2+ 45. Kg1 Ra1 46. Bb3 Rcc1 47. Kf2 Rxe1 48. Rxe1 Rxe1 49. Kxe1 Bd3 50. Kd2 c4 51. Ba4 Kg6 52. Ke3 Kf6 53. Kd4 Kf5 54. Bd7+ Kf4 0-1

[Event "ISL-chT2 1718"]
[Site "Reykjavik"]
[Date "2018.03.02"]
[Round "5.2"]
[White "Karlsson, Agust Sindri"]
[Black "Brynjarsson, Helgi"]
[Result "1-0"]
[WhiteElo "2248"]
[BlackElo "2041"]
[PlyCount "59"]
[EventDate "2017.10.20"]
[EventType "team-tourn"]
[EventRounds "7"]
[EventCountry "ISL"]
[SourceTitle "EXT 2019"]
[Source "ChessBase"]
[SourceDate "2018.10.10"]
[SourceVersion "1"]
[SourceVersionDate "2018.10.10"]
[SourceQuality "1"]
[WhiteTeam "Hauka"]
[BlackTeam "Hrokar alls Fagnadar"]
[WhiteTeamCountry "ISL"]
[BlackTeamCountry "ISL"]

1. e4 e5 2. Nf3 Nc6 3. Bb5 f5 4. Nc3 fxe4 5. Nxe4 Nf6 6. Qe2 Qe7 7. 0-0 d5 8. Nxf6+ gxf6 9. c4 d4 10. Bxc6+ bxc6 11. Re1 Bg4 12. Qe4 Bxf3 13. Qxf3 Kd7 14. b4 Rb8 15. a4 Qe6 16. b5 c5 17. d3 Be7 18. Qe4 Bd6 19. f4 Qg4 20. Ra2 Rhg8 21. Qc6+ Kd8 22. Rae2 h5 23. a5 h4 24. b6 axb6 25. a6 Ke7 26. fxe5 fxe5 27. Rxe5+ Kf6 28. Rf1+ Kg6 29. Rg5+ Qxg5 30. Qe4+ 1-0

[Event "Reykjavik op"]
[Site "Reykjavik"]
[Date "2011.03.15"]
[Round "8"]
[White "Brynjarsson, Helgi"]
[Black "Sigurdsson, Birkir Karl"]
[Result "1-0"]
[WhiteElo "2008"]
[BlackElo "1481"]
[PlyCount "45"]
[EventDate "2011.03.09"]
[EventType "swiss"]
[EventRounds "9"]
[EventCountry "ISL"]
[SourceTitle "CBM 141 Extra"]
[Source "ChessBase"]
[SourceDate "2011.05.03"]
[SourceVersion "1"]
[SourceVersionDate "2011.05.03"]
[SourceQuality "1"]

1. e4 c5 2. Nc3 g6 3. f4 Bg7 4. Nf3 d6 5. d3 Nc6 6. Ne2 Nf6 7. c3 0-0 8. h3 b5 9. g4 Bb7 10. Qc2 a5 11. Be3 Rc8 12. Rc1 Qd7 13. Ng3 Qc7 14. g5 Nd7 15. h4 e6 16. h5 a4 17. Qh2 Rfe8 18. hxg6 hxg6 19. Qh7+ Kf8 20. Nh4 b4 21. f5 exf5 22. Nhxf5 gxf5 23. Nxf5 1-0

[Event "Reykjavik op"]
[Site "Reykjavik"]
[Date "2011.03.11"]
[Round "3.48"]
[White "Mack, Wolfgang"]
[Black "Brynjarsson, Helgi"]
[Result "1-0"]
[WhiteElo "2282"]
[BlackElo "2008"]
[PlyCount "57"]
[EventDate "2011.03.09"]
[EventType "swiss"]
[EventRounds "9"]
[EventCountry "ISL"]
[SourceTitle "CBM 141 Extra"]
[Source "ChessBase"]
[SourceDate "2011.05.03"]
[SourceVersion "1"]
[SourceVersionDate "2011.05.03"]
[SourceQuality "1"]

1. c4 e5 2. Nc3 Nc6 3. g3 f5 4. Nf3 Nf6 5. d4 e4 6. Nh4 g6 7. Bg5 Bg7 8. Qd2 Ne7 9. f3 exf3 10. Nxf3 h6 11. Bf4 g5 12. Be3 d5 13. Ne5 dxc4 14. Bg2 c6 15. Nxc4 Be6 16. Ne5 Qa5 17. 0-0 0-0-0 18. b4 Qxb4 19. Rab1 Qd6 20. Qb2 Qc7 21. Qa3 Ned5 22. Bxd5 Nxd5 23. Nb5 Qe7 24. Nxa7+ Kc7 25. Rxb7+ Kxb7 26. Rb1+ Ka8 27. Qa4 Nc3 28. Qxc6+ Kxa7 29. d5+ 1-0

[Event "ISL-chT 0910"]
[Site "Reykjavik"]
[Date "2010.03.06"]
[Round "7"]
[White "Kristjansson, Stefan"]
[Black "Brynjarsson, Helgi"]
[Result "1-0"]
[WhiteElo "2462"]
[BlackElo "1969"]
[PlyCount "33"]
[EventDate "2009.09.25"]
[EventType "team-tourn"]
[EventRounds "7"]
[EventCountry "ISL"]
[SourceTitle "EXT 2011"]
[Source "ChessBase"]
[SourceDate "2010.11.26"]
[SourceVersion "1"]
[SourceVersionDate "2010.11.26"]
[SourceQuality "1"]

1. e4 e5 2. Nf3 Nc6 3. Bc4 Bc5 4. c3 Nf6 5. d3 h6 6. b4 Bd6 7. Nbd2 0-0 8. Nf1 Ne7 9. g4 Ng6 10. h4 Nxg4 11. Rg1 h5 12. Ng3 Nf6 13. Nxh5 Nxh5 14. Rxg6 Kh7 15. Ng5+ Kxg6 16. Qg4 Kf6 17. Nxf7 1-0

[Event "Reykjavik op"]
[Site "Reykjavik"]
[Date "2010.02.26"]
[Round "3"]
[White "Thorgeirsson, Sverrir"]
[Black "Brynjarsson, Helgi"]
[Result "1/2-1/2"]
[WhiteElo "2176"]
[BlackElo "1964"]
[PlyCount "114"]
[EventDate "2010.02.24"]
[EventType "swiss"]
[EventRounds "9"]
[EventCountry "ISL"]
[SourceTitle "CBM 135 Extra"]
[Source "ChessBase"]
[SourceDate "2010.05.04"]
[SourceVersion "1"]
[SourceVersionDate "2010.05.04"]
[SourceQuality "1"]

1. d4 d5 2. Nf3 Nf6 3. e3 e6 4. Bd3 c5 5. b3 Nc6 6. Bb2 a6 7. Nbd2 b5 8. a4 b4 9. 0-0 cxd4 10. exd4 Bd6 11. Re1 Nd7 12. Qe2 0-0 13. Qe3 Nf6 14. Ne5 Qb6 15. Qh3 h6 16. Qh4 Nd7 17. Ng4 Bf4 18. Nf6+ Nxf6 19. Qxf4 Qd8 20. Nf3 a5 21. Qe3 Ba6 22. Rac1 Bxd3 23. Qxd3 Ne4 24. Nd2 Nxd2 25. Qxd2 Qb6 26. Re3 Rab8 27. g4 Qd8 28. Rg3 Qh4 29. Re1 Rbe8 30. Qd3 Re7 31. Bc1 f5 32. Bf4 Ree8 33. Bd6 Rf7 34. h3 Qf6 35. Be5 Nxe5 36. dxe5 Qh4 37. Re2 f4 38. Qb5 Ref8 39. Rf3 h5 40. gxh5 Qxh5 41. Qd3 Rc8 42. Qa6 Rcc7 43. Kg2 Qg6+ 44. Kh2 Rf5 45. Re1 Rxc2 46. Rg1 Qf7 47. Qxa5 Rxe5 48. Qd8+ Qf8 49. Qxf8+ Kxf8 50. Rxf4+ Rf5 51. Rxb4 Rfxf2+ 52. Kg3 Rf5 53. Ra1 Rc3+ 54. Kg2 Rff3 55. a5 Rxb3 56. a6 Ra3 57. Ra4 Rg3+ 1/2-1/2

[Event "Reykjavik op"]
[Site "Reykjavik"]
[Date "2010.02.24"]
[Round "1"]
[White "Thorhallsson, Throstur"]
[Black "Brynjarsson, Helgi"]
[Result "1-0"]
[WhiteElo "2426"]
[BlackElo "1964"]
[PlyCount "75"]
[EventDate "2010.02.24"]
[EventType "swiss"]
[EventRounds "9"]
[EventCountry "ISL"]
[SourceTitle "CBM 135 Extra"]
[Source "ChessBase"]
[SourceDate "2010.05.04"]
[SourceVersion "1"]
[SourceVersionDate "2010.05.04"]
[SourceQuality "1"]

1. e4 e5 2. Nf3 Nc6 3. Bc4 Bc5 4. c3 Nf6 5. Qe2 d6 6. d3 h6 7. Nbd2 Bg4 8. h3 Bh5 9. Nf1 Na5 10. Bb5+ c6 11. Ba4 b5 12. Bc2 Bb6 13. g4 Bg6 14. Be3 Nd7 15. Ng3 Bxe3 16. fxe3 d5 17. Nf5 Bxf5 18. exf5 Qe7 19. e4 b4 20. exd5 cxd5 21. Ba4 f6 22. Qd2 Rb8 23. 0-0 bxc3 24. Qxc3 Nb7 25. Rac1 0-0 26. Bc6 Nb6 27. b4 Qd6 28. Bxb7 Rxb7 29. Qc5 Rd8 30. a3 e4 31. Qxd6 Rxd6 32. Nd4 exd3 33. Rfd1 Nc4 34. Rxd3 Ra6 35. Ne6 Rxa3 36. Rxa3 Nxa3 37. Rc8+ Kf7 38. Nd8+ 1-0

[Event "ISL-chT 0910"]
[Site "Reykjavik"]
[Date "2009.09.25"]
[Round "1"]
[White "Brynjarsson, Helgi"]
[Black "Bjornsson, Sigurbjorn"]
[Result "0-1"]
[WhiteElo "1969"]
[BlackElo "2287"]
[PlyCount "40"]
[EventDate "2009.09.25"]
[EventType "team-tourn"]
[EventRounds "7"]
[EventCountry "ISL"]
[SourceTitle "CBM 132 Extra"]
[Source "ChessBase"]
[SourceDate "2009.11.03"]
[SourceVersion "1"]
[SourceVersionDate "2009.11.03"]
[SourceQuality "1"]

1. e4 c5 2. Nc3 Nc6 3. Nf3 e6 4. d4 cxd4 5. Nxd4 Qc7 6. Be3 a6 7. Be2 Nf6 8. f3 b5 9. 0-0 Bb7 10. Nb3 Bd6 11. g3 Bxg3 12. hxg3 Qxg3+ 13. Kh1 Ne5 14. Nc5 Nfg4 15. fxg4 Qh3+ 16. Kg1 Qxe3+ 17. Rf2 Qxc5 18. a3 0-0 19. Qd2 f5 20. exf5 exf5 0-1

[Event "ISL-chB"]
[Site "Reykjavik"]
[Date "2009.08.30"]
[Round "3"]
[White "Brynjarsson, Helgi"]
[Black "Bjornsson, Eirikur K"]
[Result "1/2-1/2"]
[WhiteElo "1969"]
[BlackElo "2034"]
[PlyCount "36"]
[EventDate "2009.08.29"]
[EventType "swiss"]
[EventRounds "9"]
[EventCountry "ISL"]
[SourceTitle "EXT 2012"]
[Source "ChessBase"]
[SourceDate "2011.11.24"]
[SourceVersion "1"]
[SourceVersionDate "2011.11.24"]
[SourceQuality "1"]

1. e4 c5 2. Nc3 Nc6 3. f4 g6 4. Nf3 Bg7 5. d3 e6 6. h3 Nge7 7. Ne2 0-0 8. c3 d5 9. g4 dxe4 10. dxe4 Qxd1+ 11. Kxd1 b6 12. Be3 Ba6 13. Ng3 Bxf1 14. Rxf1 f5 15. gxf5 exf5 16. e5 Bh6 17. Ne2 Nd5 18. Bd2 Rad8 1/2-1/2

[Event "Reykjavik op"]
[Site "Reykjavik"]
[Date "2009.03.26"]
[Round "3"]
[White "Brynjarsson, Helgi"]
[Black "Danielsen, Henrik"]
[Result "0-1"]
[WhiteElo "1949"]
[BlackElo "2482"]
[PlyCount "138"]
[EventDate "2009.03.24"]
[EventType "swiss"]
[EventRounds "9"]
[EventCountry "ISL"]
[SourceTitle "CBM 129 Extra"]
[Source "ChessBase"]
[SourceDate "2009.05.05"]
[SourceVersion "2"]
[SourceVersionDate "2009.05.20"]
[SourceQuality "1"]

1. e4 d6 2. d4 g6 3. c4 Bg7 4. Nc3 Nf6 5. Bd3 0-0 6. Nge2 e5 7. dxe5 dxe5 8. f3 Nbd7 9. Be3 c6 10. 0-0 Qe7 11. a3 Rd8 12. b4 Nf8 13. Qc2 Nh5 14. g3 Bh3 15. Rfd1 Qf6 16. Kf2 Ne6 17. Ng1 Nhf4 18. Nxh3 Nxh3+ 19. Kg2 Nhf4+ 20. Kf2 a5 21. Ra2 axb4 22. axb4 Rxa2 23. Nxa2 Nh3+ 24. Kg2 Nhg5 25. Be2 h5 26. Rxd8+ Qxd8 27. Qd2 Qe7 28. h4 Nh7 29. Nc1 Nhf8 30. Nb3 f5 31. exf5 gxf5 32. c5 f4 33. gxf4 Qxh4 34. f5 Nf4+ 35. Bxf4 exf4 36. Bc4+ Kh8 37. Qf2 Qg5+ 38. Kh2 Qxf5 39. Nd4 Qf6 40. Ne2 Nd7 41. Bd3 Ne5 42. Be4 Nf7 43. b5 Ng5 44. bxc6 bxc6 45. Ng1 Nxe4 46. fxe4 Qd4 47. Qxd4 Bxd4 48. Nf3 Bxc5 49. Ne5 Kg7 50. Nxc6 Kf6 51. Kg2 h4 52. Na5 Ke5 53. Nc4+ Kxe4 54. Nd2+ Ke3 55. Nf1+ Ke2 56. Nh2 Be7 57. Kh3 Ke3 58. Kg2 Bb4 59. Ng4+ Ke2 60. Ne5 Bd6 61. Ng4 f3+ 62. Kg1 Bg3 63. Kh1 h3 64. Kg1 Kd3 65. Kh1 Ke4 66. Nf6+ Kf5 67. Nd5 Bf4 68. Kg1 h2+ 69. Kh1 f2 0-1

[Event "Reykjavik-ch"]
[Site "Reykjavik"]
[Date "2009.01.23"]
[Round "6"]
[White "Kristinardottir, Elsa Maria"]
[Black "Brynjarsson, Helgi"]
[Result "0-1"]
[WhiteElo "1769"]
[BlackElo "1949"]
[PlyCount "106"]
[EventDate "2009.01.11"]
[EventType "swiss"]
[EventRounds "9"]
[EventCountry "ISL"]
[SourceTitle "EXT 2010"]
[Source "ChessBase"]
[SourceDate "2010.11.25"]
[SourceVersion "1"]
[SourceVersionDate "2010.11.25"]
[SourceQuality "1"]

1. e4 e5 2. Nf3 Nc6 3. Bc4 Bc5 4. d3 h6 5. 0-0 Nf6 6. c3 Bb6 7. b4 d6 8. Nbd2 Bg4 9. Re1 0-0 10. Nf1 Ne7 11. h3 Be6 12. Bxe6 fxe6 13. Qb3 Qd7 14. Ng3 Kh8 15. Be3 Bxe3 16. Rxe3 Ng6 17. Rc1 Rac8 18. d4 exd4 19. cxd4 Nf4 20. Ne2 N6h5 21. e5 d5 22. Nxf4 Nxf4 23. Qc2 Qf7 24. Kh2 Qh5 25. Ng1 g5 26. g3 Nxh3 27. Nxh3 g4 28. Rh1 gxh3 29. Qe2 Qxe2 30. Rxe2 Rf3 31. Rd2 Rcf8 32. Rf1 Kg7 33. Kxh3 Rc3 34. f4 Kg6 35. Kg4 h5+ 36. Kh4 Kf5 37. Rff2 Rg8 38. Rg2 Rc4 39. a3 Rc3 40. Rc2 Rg4+ 41. Kxh5 Rcxg3 42. Rxg3 Rxg3 43. Kh6 c6 44. b5 cxb5 45. Rc7 Kxf4 46. Re7 Kf5 47. Rf7+ Ke4 48. Re7 Kxd4 49. Rxe6 Re3 50. Re7 Rxe5 51. Rxb7 Kc4 52. Rxa7 d4 53. a4 d3 0-1

[Event "Reykjavik-ch"]
[Site "Reykjavik"]
[Date "2009.01.21"]
[Round "5"]
[White "Brynjarsson, Helgi"]
[Black "Kristjansson, Atli Freyr"]
[Result "0-1"]
[WhiteElo "1949"]
[BlackElo "2105"]
[PlyCount "82"]
[EventDate "2009.01.11"]
[EventType "swiss"]
[EventRounds "9"]
[EventCountry "ISL"]
[SourceTitle "EXT 2010"]
[Source "ChessBase"]
[SourceDate "2010.11.25"]
[SourceVersion "1"]
[SourceVersionDate "2010.11.25"]
[SourceQuality "1"]

1. c4 c5 2. Nf3 Nc6 3. b3 e5 4. e4 d6 5. h3 g6 6. Nc3 Bg7 7. d3 Nge7 8. Be2 0-0 9. g4 a6 10. Be3 b5 11. Qd2 Nd4 12. Nd5 Nxd5 13. cxd5 f5 14. Bg5 Qe8 15. Nxd4 exd4 16. gxf5 gxf5 17. f3 c4 18. Bh6 c3 19. Qg5 Qg6 20. Qxg6 hxg6 21. Bxg7 Kxg7 22. a3 a5 23. 0-0-0 Rh8 24. Rdg1 Kf6 25. f4 b4 26. a4 Ra7 27. Rg3 Re7 28. Rhg1 Rg7 29. Kc2 Rh4 30. exf5 Bxf5 31. Bg4 Bxg4 32. hxg4 Re7 33. Kd1 Rh2 34. R1g2 Rh1+ 35. Rg1 Rxg1+ 36. Rxg1 Re3 37. Re1 Rxd3+ 38. Ke2 Re3+ 39. Kf2 c2 40. Rc1 Rc3 41. Ke2 d3+ 0-1

[Event "Reykjavik-ch"]
[Site "Reykjavik"]
[Date "2009.01.16"]
[Round "3"]
[White "Bjarnason, Saevar"]
[Black "Brynjarsson, Helgi"]
[Result "0-1"]
[WhiteElo "2211"]
[BlackElo "1949"]
[PlyCount "98"]
[EventDate "2009.01.11"]
[EventType "swiss"]
[EventRounds "9"]
[EventCountry "ISL"]
[SourceTitle "EXT 2010"]
[Source "ChessBase"]
[SourceDate "2010.11.25"]
[SourceVersion "1"]
[SourceVersionDate "2010.11.25"]
[SourceQuality "1"]

1. d4 f5 2. Nf3 e6 3. g3 b6 4. c4 d6 5. Bg2 Bb7 6. 0-0 Nf6 7. Nc3 g6 8. Ng5 Bxg2 9. Kxg2 Qe7 10. d5 exd5 11. cxd5 Bh6 12. Ne6 Bxc1 13. Nb5 Bh6 14. Nbxc7+ Kf7 15. Nxa8 Na6 16. Qa4 Qb7 17. Qh4 Qxd5+ 18. Kg1 Qxe6 19. Qxh6 Rxa8 20. Qf4 Nc5 21. b4 Nce4 22. Qe3 Nd5 23. Qd4 Nec3 24. Rfe1 Rc8 25. a3 Qe5 26. Qd3 b5 27. e3 Qe4 28. Qd2 Qc4 29. f3 Rc6 30. Kg2 h6 31. Rac1 g5 32. e4 fxe4 33. fxe4 Nf6 34. Qf2 Kg7 35. Rc2 Nfxe4 36. Qxa7+ Rc7 37. Qe3 Rf7 38. Rec1 Qd5 39. Kg1 Nd1 40. Qb6 Qd3 41. Re2 Qxe2 42. Qd4+ Kg6 43. Rxd1 Qf2+ 44. Qxf2 Rxf2 45. Rd4 Re2 46. Kf1 Re3 47. Rd5 Rxa3 48. Rxb5 Ra2 49. Kg1 Rb2 0-1

[Event "Reykjavik TR-chB"]
[Site "Reykjavik"]
[Date "2008.11.12"]
[Round "8"]
[White "Eliasson, Kristjan Orn"]
[Black "Brynjarsson, Helgi"]
[Result "0-1"]
[WhiteElo "1961"]
[BlackElo "1920"]
[PlyCount "74"]
[EventDate "2008.10.26"]
[EventType "tourn"]
[EventRounds "9"]
[EventCountry "ISL"]
[SourceTitle "EXT 2010"]
[Source "ChessBase"]
[SourceDate "2010.11.25"]
[SourceVersion "1"]
[SourceVersionDate "2010.11.25"]
[SourceQuality "1"]

1. e4 e5 2. Nf3 Nc6 3. d4 exd4 4. Nxd4 Bc5 5. Be3 Qf6 6. c3 Nge7 7. Bc4 Ne5 8. Be2 0-0 9. 0-0 d5 10. b4 Bb6 11. a4 dxe4 12. Nd2 Bf5 13. Kh1 Bxd4 14. Bxd4 N7c6 15. g4 Bg6 16. f4 exf3 17. Bxf3 Qg5 18. Ne4 Bxe4 19. Bxe4 Rad8 20. Rf5 Qe7 21. Qe1 Rfe8 22. Bc5 Qe6 23. Qg3 b6 24. Bg1 Nxg4 25. Rf4 Nf6 26. Bf3 Rd3 27. Qg2 Ne5 28. Re1 Qd6 29. Bd4 Ng6 30. Rxe8+ Nxe8 31. Re4 Nf6 32. Bxf6 Qxf6 33. Re8+ Nf8 34. Be2 Rxc3 35. Qa8 Qc6+ 36. Qxc6 Rxc6 37. Kg2 Re6 0-1

[Event "Reykjavik TR-chB"]
[Site "Reykjavik"]
[Date "2008.10.31"]
[Round "3"]
[White "Haraldsson, Sigurjon"]
[Black "Brynjarsson, Helgi"]
[Result "0-1"]
[WhiteElo "2023"]
[BlackElo "1920"]
[PlyCount "46"]
[EventDate "2008.10.26"]
[EventType "tourn"]
[EventRounds "9"]
[EventCountry "ISL"]
[SourceTitle "EXT 2010"]
[Source "ChessBase"]
[SourceDate "2010.11.25"]
[SourceVersion "1"]
[SourceVersionDate "2010.11.25"]
[SourceQuality "1"]

1. d4 f5 2. Nc3 Nf6 3. Bg5 e6 4. e4 fxe4 5. Nxe4 Be7 6. Bxf6 Bxf6 7. Nxf6+ Qxf6 8. Nf3 b6 9. Qd2 Bb7 10. Be2 0-0 11. 0-0 d6 12. Qg5 Nd7 13. Qxf6 Rxf6 14. Nd2 e5 15. dxe5 Nxe5 16. f4 Nd7 17. g3 Re8 18. Bg4 Rf7 19. Rae1 Rfe7 20. Kf2 Nf6 21. Bf3 Bxf3 22. Rxe7 Ng4+ 23. Kxf3 Nxh2+ 0-1

[Event "Reykjavik TR-chB"]
[Site "Reykjavik"]
[Date "2008.10.29"]
[Round "2"]
[White "Brynjarsson, Helgi"]
[Black "Kristinsson, Bjarni Jens"]
[Result "1-0"]
[WhiteElo "1920"]
[BlackElo "1911"]
[PlyCount "57"]
[EventDate "2008.10.26"]
[EventType "tourn"]
[EventRounds "9"]
[EventCountry "ISL"]
[SourceTitle "EXT 2010"]
[Source "ChessBase"]
[SourceDate "2010.11.25"]
[SourceVersion "1"]
[SourceVersionDate "2010.11.25"]
[SourceQuality "1"]

1. c4 c6 2. d4 d5 3. e3 e6 4. Nf3 Nf6 5. Nc3 Nbd7 6. Bd3 dxc4 7. Bxc4 b5 8. Bd3 a6 9. e4 c5 10. e5 cxd4 11. Nxb5 axb5 12. exf6 gxf6 13. Qe2 Qb6 14. Bxb5 Bb7 15. 0-0 Bd6 16. Rd1 Rg8 17. a4 Bd5 18. g3 Bc5 19. b4 Bxb4 20. Rb1 Qc5 21. Rxd4 Bxf3 22. Qxf3 Qxd4 23. Qxa8+ Ke7 24. Qxg8 Qe4 25. Rxb4 Qe1+ 26. Kg2 Qxb4 27. Qc8 Nc5 28. Qc7+ Kf8 29. Bh6+ 1-0

[Event "Reykjavik TR-chB"]
[Site "Reykjavik"]
[Date "2008.10.26"]
[Round "1"]
[White "Benediktsson, Thorir"]
[Black "Brynjarsson, Helgi"]
[Result "0-1"]
[WhiteElo "1912"]
[BlackElo "1920"]
[PlyCount "96"]
[EventDate "2008.10.26"]
[EventType "tourn"]
[EventRounds "9"]
[EventCountry "ISL"]
[SourceTitle "EXT 2010"]
[Source "ChessBase"]
[SourceDate "2010.11.25"]
[SourceVersion "1"]
[SourceVersionDate "2010.11.25"]
[SourceQuality "1"]

1. e4 e5 2. Nf3 Nc6 3. Bc4 Bc5 4. c3 Nf6 5. d3 h6 6. 0-0 0-0 7. b4 Bd6 8. Nh4 Kh7 9. Nf5 Be7 10. f4 exf4 11. Bxf4 d5 12. exd5 Nxd5 13. Bxh6 gxh6 14. Qh5 Bg5 15. Nxh6 Bxh6 16. Rxf7+ Rxf7 17. Qxf7+ Kh8 18. Bxd5 Ne5 19. Qh5 Qg5 20. Qe8+ Kh7 21. Nd2 Ng4 22. Re1 Qxd5 23. Re7+ Bg7 24. Ne4 Qf5 25. h4 Nf6 26. Qf8 Nh5 27. Ng5+ Kh6 28. Qe8 Nf6 29. Nf7+ Kh7 30. Qd8 Qf4 31. Ng5+ Kg6 32. Rxg7+ Kxg7 33. Qe7+ Kg6 34. Qf7+ Kf5 35. Nh7 Qxh4 36. Nf8 Qe1+ 37. Kh2 Qe8 38. g4+ Kxg4 39. Qc4+ Ne4 40. Qg8+ Kf3 41. Qg2+ Ke3 42. Ng6 Kxd3 43. Nf4+ Kxc3 44. Qf3+ Kxb4 45. Qb3+ Ka5 46. Qd5+ Qb5 47. Qxe4 Bf5 48. Qe1+ Ka6 0-1

[Event "ISL-chB"]
[Site "Reykjavik"]
[Date "2008.08.30"]
[Round "4"]
[White "Benediktsson, Frimann"]
[Black "Brynjarsson, Helgi"]
[Result "1/2-1/2"]
[WhiteElo "1915"]
[BlackElo "1920"]
[PlyCount "61"]
[EventDate "2008.08.27"]
[EventType "swiss"]
[EventRounds "9"]
[EventCountry "ISL"]
[SourceTitle "EXT 2010"]
[Source "ChessBase"]
[SourceDate "2010.11.25"]
[SourceVersion "1"]
[SourceVersionDate "2010.11.25"]
[SourceQuality "1"]

1. d4 d5 2. Nf3 e6 3. c4 c6 4. e3 f5 5. Nbd2 Nf6 6. Bd3 Bd6 7. h3 g6 8. 0-0 Nbd7 9. b3 0-0 10. a4 Ne4 11. Qc2 Qf6 12. Bb2 g5 13. Ne1 Qh6 14. Bxe4 dxe4 15. f3 exf3 16. Rxf3 Nf6 17. e4 g4 18. hxg4 fxg4 19. e5 gxf3 20. Ndxf3 Qe3+ 21. Qf2 Qxf2+ 22. Kxf2 Ng4+ 23. Kg3 Nxe5 24. dxe5 Be7 25. Nd3 c5 26. Nf4 Kf7 27. Rh1 Rg8+ 28. Kf2 Rg7 29. Nh5 Rg8 30. Nf4 Rg7 31. Nh5 1/2-1/2

[Event "ISL-chB"]
[Site "Reykjavik"]
[Date "2008.08.28"]
[Round "2"]
[White "Halldorsson, Halldor Brynjar"]
[Black "Brynjarsson, Helgi"]
[Result "1-0"]
[WhiteElo "2217"]
[BlackElo "1920"]
[PlyCount "74"]
[EventDate "2008.08.27"]
[EventType "swiss"]
[EventRounds "9"]
[EventCountry "ISL"]
[SourceTitle "EXT 2010"]
[Source "ChessBase"]
[SourceDate "2010.11.25"]
[SourceVersion "1"]
[SourceVersionDate "2010.11.25"]
[SourceQuality "1"]

1. e4 e5 2. Nf3 Nc6 3. Bb5 Nf6 4. Qe2 Bc5 5. 0-0 Qe7 6. c3 h6 7. d3 a6 8. Ba4 0-0 9. Nbd2 Nh7 10. Re1 Ng5 11. Nf1 Nxf3+ 12. Qxf3 d6 13. Ng3 Kh7 14. Bc2 Qf6 15. Nf5 Bxf5 16. exf5 g6 17. Qh3 g5 18. Be3 Bxe3 19. Rxe3 Kg7 20. Rae1 Ne7 21. d4 Nc6 22. dxe5 Nxe5 23. Rg3 Kh7 24. Qh5 Rg8 25. Rge3 Rad8 26. g4 Rde8 27. Qh3 Re7 28. Qg3 Kh8 29. h3 Kg7 30. b3 Kf8 31. Kg2 h5 32. f3 Qh6 33. Qf2 Rh8 34. Qe2 hxg4 35. fxg4 f6 36. Be4 c6 37. c4 Rd7 1-0